000 00337nam a2200133Ia 4500
008 230711s9999||||xx |||||||||||||| ||und||
041 _aENG
082 _a627.33
_bCH-O
100 _aChaudhry,M.Hanif
245 0 _aOpen Channel Flow
260 _c1993
_aNew Delhi
_bPHI Learning Private Limited
650 _aCivil Engineering
942 _cBK
999 _c3458
_d3458